000 00720nam a22002177a 4500
003 OSt
005 20250815034057.0
008 250815b |||||||| |||| 00| 0 eng d
020 _a9789719655084
040 _aDWC-Main Lib
_cOC
082 _aFil. 305.3 M386g 2022
100 _aMartirez, Rodolf M.
245 _aGender and society/
_cRodolf M. Martirez & Francis M. Camposano
260 _aIntramuroz, Manila, Philippine :
_bMindshapers Co. Inc.,
_cc2022.
300 _ax, 249 pages :
_billustrations ;
_c26cm.
504 _aIncludes bibliographical references.
650 _a1. Gender identity -- Social aspects.
650 _a2. Sex role.
700 _aCamposano, Francis M.
942 _2ddc
_cBK - FIL
_kFil.
_n0
999 _c3964
_d3964